000 01506 a2200277 4500
001 236
005 20260407155416.0
008 260407a2009 arg spa d
003 AR-UNSa-BCEJYS
040 _aAR-UNSa-BCEJYS
_bspa
_cAR-UNSa-BCEJYS
080 _a330.35
_xCrecimiento económico
245 1 0 _aCrecimiento económico
020 _a978-84-291-2614-3
264 1 _aBarcelona :
_bReverté
_c2009
300 _axviii, 660 p.
_c24 cm
505 _a1. Modelos de crecimiento con tasas de ahorro exógenas 2. Modelos de crecimiento con optimización del consumidor 3. Ampliaciones del modelo de crecimiento de Ramsey 4. Modelos de crecimiento endógeno con un único sector 5. Modelos de crecimiento endógeno de dos sectores 6. Cambio tecnológico: modelos con una variedad ampliada de productos 7. Cambios tecnológico: el modelo de Schumpeter de escalas de calidad 8. La difusión de la tecnología 9. Oferta de trabajo y población 10. Contabilidad del crecimiento 11. Análisis empírico de conjuntos de datos regionales 12. Análisis empírico de corte transversal de una muestra de países
041 _aspa
942 _cBK
590 _aniveau_biblio:m niveau_hierar:0
100 1 _aBarro, Robert J.
700 1 _aSala-i-Martin, Xavier
700 1 _aPérez Apilanez, Gotzone
700 1 _aRobinson, Robert Andrew
700 1 _aEspíndola, José Ramón de
856 4 1 _uhttps://biblioeco.unsa.edu.ar/pmb/images/libros/Crecimiento Economico2-l117563.jpg
_yImagen de portada
_qimage/jpeg
999 _c151
_d151